Biological investigations : Form, function, diversity and process
This lab manual is for a one or two-semester majors level general biology lab and can be used with any majors-level general biology textbook. The labs are investigative and ask students to use more critical thinking and hands-on learning. The author emphasizes investigative, quantitative, and compar...
Enregistré dans:
| Auteur principal: | |
|---|---|
| Format: | Livre |
| Langue: | Undetermined |
| Publié: |
Boston, MA.
McGraw-Hill
2002
|
| Sujets: | |
| Tags: |
Ajouter un tag
Pas de tags, Soyez le premier à ajouter un tag!
|
| Thư viện lưu trữ: | Trung tâm Học liệu Trường Đại học Cần Thơ |
|---|
| LEADER | 00958nam a2200229Ia 4500 | ||
|---|---|---|---|
| 001 | CTU_126347 | ||
| 008 | 210402s9999 xx 000 0 und d | ||
| 020 | |c 51.23 | ||
| 082 | |a 570 | ||
| 082 | |b D665 | ||
| 100 | |a Dolphin, Warren D. | ||
| 245 | 0 | |a Biological investigations : | |
| 245 | 0 | |b Form, function, diversity and process | |
| 245 | 0 | |c Warren D. Dolphin | |
| 260 | |a Boston, MA. | ||
| 260 | |b McGraw-Hill | ||
| 260 | |c 2002 | ||
| 520 | |a This lab manual is for a one or two-semester majors level general biology lab and can be used with any majors-level general biology textbook. The labs are investigative and ask students to use more critical thinking and hands-on learning. The author emphasizes investigative, quantitative, and comparative approaches to studying the life sciences. | ||
| 650 | |a Biology,Biology | ||
| 650 | |x Methodology.,Laboratory manuals. | ||
| 904 | |i Minh | ||
| 980 | |a Trung tâm Học liệu Trường Đại học Cần Thơ | ||